- Guerra, Ricardo
Entry Nombre Personal
001 - NUMERO DE CONTROL
- campo de control: 50401
003 - IDENTIFICADOR DE NUMERO DE CONTROL
- campo de control: DLC
005 - FECHA Y HORA DE LA ÜLTIMA TRANSACCIÓN
- campo de control: 20231023153737.0
008 - DATOS DE LONGITUD FIJA
- campo de control de longitud fija: 950127n| azannaabn |a aaa d
010 ## - NÚMERO DE CONTROL DE LA BIBLIOTECA DEL CONGRESO
- Número de control LC: no 95004836
035 ## - NUMERO DE CONTROL
- Número de control: (OCoLC)oca03761923
040 ## - FUENTE DE CATALOGACIÓN
- Agencia original de catalogación: CoU
- Lenguaje de catalogación: spa
- Description conventions: rda
- Agencia de transcripción: CoU
- Agencia que lo modifica: NjP
- Agencia que lo modifica: MX-MxUPN
046 ## - FECHAS CON CODIFICACIÓN ESPECIAL
- Fecha de nacimiento: 1927-02-10
- Fecha de muerte: 2007-05-30
- Fuente del formato de fecha: edtf
100 1# - ENCABEZAMIENTO - NOMBRE PERSONAL
- Nombre personal: Guerra, Ricardo
370 ## - LUGAR ASOCIADO
- Associated country: México
372 ## - CAMPO DE ACTIVIDAD
- Field of activity: Vida intelectural
- Field of activity: Servicio civil
374 ## - OCUPACIÓN
- Occupation: Filósofo
377 ## - LENGUA ASOCIADA
- Language code: spa
400 1# - VEÁSE - NOMBRE DE PERSONA
- Personal name: Guerra Tejada, Ricardo
670 ## - FUENTE EN LA QUE SE LOCALIZARON DATOS
- Cita de la fuente: Cartas a Ricardo, 1994:
- Información localizada: p. 11 (Ricardo Guerra, esposo de Rosario Castellanos)
670 ## - FUENTE EN LA QUE SE LOCALIZARON DATOS
- Cita de la fuente: Filosofía y vocación, 2012:
- Información localizada: portada (Ricardo Guerra)
670 ## - FUENTE EN LA QUE SE LOCALIZARON DATOS
- Cita de la fuente: English Wikipedia, January 13, 2017
- Información localizada: (Ricardo Guerra Tejada; nació el 10 de febrero de 1927; murió el 30 de mayo del 2007; filósofo mexicano, periodista, diplomático y servidor público)
670 ## - FUENTE EN LA QUE SE LOCALIZARON DATOS
- Cita de la fuente: Filosofía y fin de siglo, 1996:
- Información localizada: portada (Ricardo Guerra)
902 ## - CATALOGADOR
- Catalogador: Víctor Ruiz/231023
